000 00271nam a2200109Ia 4500
008 200302s9999 xx 000 0 und d
100 _aFranco Bertoni
245 _aMinimalist Design
260 _bBirkhauser Publlisher for Architecture
260 _c2004
300 _a221 P.,
999 _c3924
_d3924